000 00913nam a22003017a 4500
001 4782
003 FISKH
005 20251216145205.0
008 241011b cb ||||| |||| 00| 0 eng d
020 _a9780590423892
040 _aFISKH
_beng
_cFISKH
_dFISKH
050 _aPZ8.C433
082 _a398.24528617
100 _aZimmermann, H.Werner
_d(1951-)
245 _aHenny penny /
_cH. Werner Zimmermann
250 _a1989
260 _aNew York :
_bScholastic,
_c1989.
300 _a28 pages :
_bColor illustrations ;
_c26 cm
505 _aP
520 _aHenny Penny and her friends are on their way to tell the king that the sky is falling when they meet a hungry fox.
521 8 _a610L
_bLexile
521 8 _aP
_bRaz-Plus
650 _2Chickens
_aBig book
_vPicture book
650 _2Folktale
_aBirds
700 _aZimmermann, H.Werner
_dillustator
942 _2ddc
_cBK
_n0
999 _c4782
_d4782